[Event "Titled Tuesday intern op 04th Apr Late"]
[Site "Chess.com INT"]
[Date "2023.04.04"]
[Round "2"]
[White "Olsson, William"]
[Black "Antonova, Nadezhda"]
[Result "1-0"]
[WhiteElo "2354"]
[BlackElo "1945"]
[PlyCount "91"]
[EventDate "2023.04.04"]
[EventType "swiss (blitz)"]
[EventRounds "11"]
[EventCountry "USA"]
[SourceTitle "EXT 2024"]
[Source "ChessBase"]
[SourceDate "2023.10.10"]
[SourceVersion "1"]
[SourceVersionDate "2023.10.10"]
[SourceQuality "1"]

1. c4 Nf6 2. g3 g6 3. Bg2 Bg7 4. Nc3 0-0 5. Nf3 d6 6. 0-0 Nc6 7. Rb1 a5 8. a3 e5 9. d3 Nd4 10. b4 axb4 11. axb4 Bg4 12. Ne1 c6 13. h3 Be6 14. e3 Nf5 15. Nc2 d5 16. cxd5 Nxd5 17. Bb2 Nxc3 18. Bxc3 Qd7 19. Qe2 Rfd8 20. Rfd1 Nd6 21. Kh2 Nb5 22. Be1 Ra2 23. Bf1 Na3 24. Rbc1 Bb3 25. Rd2 Nxc2 26. Rdxc2 Bxc2 27. Rxc2 Rxc2 28. Qxc2 Qd5 29. Bc3 Qd6 30. Qb2 h5 31. h4 Ra8 32. Qc2 Qd5 33. Bg2 Qa2 34. Bb2 e4 35. d4 Qa4 36. Qd2 Qb3 37. Qc3 Qxc3 38. Bxc3 Ra3 39. Bd2 Ra2 40. Be1 Ra1 41. Bc3 Rc1 42. Bd2 Rc2 43. Be1 Bf8 44. Kg1 Rb2 45. Bxe4 Rb1 46. Bxb1 1-0

[Event "Titled Tuesday intern op 7th Mar Late"]
[Site "Chess.com INT"]
[Date "2023.03.07"]
[Round "10"]
[White "Antonova, Nadezhda"]
[Black "Carrasco Miranda, Andres"]
[Result "1/2-1/2"]
[WhiteElo "1945"]
[BlackElo "2281"]
[PlyCount "108"]
[EventDate "2023.03.07"]
[EventType "swiss (blitz)"]
[EventRounds "11"]
[EventCountry "USA"]
[SourceTitle "EXT 2024"]
[Source "ChessBase"]
[SourceDate "2023.10.10"]
[SourceVersion "1"]
[SourceVersionDate "2023.10.10"]
[SourceQuality "1"]

1. Nf3 Nf6 2. b3 g6 3. Bb2 Bg7 4. g3 0-0 5. Bg2 d5 6. 0-0 Nc6 7. d4 Bf5 8. Nbd2 Ne4 9. Re1 Nxd2 10. Qxd2 Be4 11. Rac1 a5 12. e3 a4 13. c4 axb3 14. axb3 Ra2 15. cxd5 Bxd5 16. Qc3 Be4 17. b4 Qd6 18. b5 Na5 19. Ra1 Rxa1 20. Rxa1 b6 21. Rc1 Rc8 22. Ba3 Qd5 23. Nh4 Bxg2 24. Nxg2 e5 25. dxe5 Bxe5 26. Qb4 Bd6 27. Qb2 Bxa3 28. Qxa3 Qxb5 29. Nf4 c5 30. Nd5 Nc6 31. Qc3 Qa5 32. Qf6 Qa7 33. Qb2 Rd8 34. Nf6+ Kf8 35. Nxh7+ Kg8 36. Nf6+ Kf8 37. Ng4 Nb4 38. Qh8+ Ke7 39. Qf6+ Ke8 40. Ra1 Qe7 41. Qxb6 Kf8 42. Ra7 Rd1+ 43. Kg2 Qe4+ 44. Kh3 Qf5 45. e4 Qh5+ 46. Kg2 Qxg4 47. Qxc5+ Kg7 48. Qxb4 Rd3 49. Qb2+ Kh6 50. Ra2 Qf3+ 51. Kh3 Qh5+ 52. Kg2 Qf3+ 53. Kh3 Qh5+ 54. Kg2 Qf3+ 1/2-1/2

[Event "Titled Tuesday intern op 7th Mar Late"]
[Site "Chess.com INT"]
[Date "2023.03.07"]
[Round "8"]
[White "Gavrilin, Roman"]
[Black "Antonova, Nadezhda"]
[Result "1-0"]
[WhiteElo "2152"]
[BlackElo "1945"]
[PlyCount "111"]
[EventDate "2023.03.07"]
[EventType "swiss (blitz)"]
[EventRounds "11"]
[EventCountry "USA"]
[SourceTitle "EXT 2024"]
[Source "ChessBase"]
[SourceDate "2023.10.10"]
[SourceVersion "1"]
[SourceVersionDate "2023.10.10"]
[SourceQuality "1"]

1. e4 c6 2. d4 d5 3. Nc3 dxe4 4. Nxe4 Bf5 5. Ng3 Bg6 6. Bc4 e6 7. h4 h6 8. N1e2 Nf6 9. Nf4 Bh7 10. c3 Bd6 11. Ngh5 Nxh5 12. Nxh5 0-0 13. Qg4 Bg6 14. Nf4 Bxf4 15. Bxf4 Qf6 16. h5 Bf5 17. Qg3 Nd7 18. 0-0 Rfe8 19. Rfe1 Rad8 20. Rad1 Nb6 21. Bb3 Nd5 22. Be5 Qg5 23. Qxg5 hxg5 24. f3 g4 25. Kf2 f6 26. Bg3 Kf7 27. a3 Rh8 28. c4 Nb6 29. a4 Rxh5 30. a5 Nd7 31. d5 Nc5 32. dxe6+ Bxe6 33. Rxd8 Nxb3 34. Rd6 Bxc4 35. Rd7+ Kg6 36. Ree7 Rh7 37. Rxb7 a6 38. Rb4 Bd5 39. Rxg4+ Kf5 40. Rgxg7 Rxg7 41. Rxg7 Nxa5 42. Bc7 Nc4 43. g4+ Ke6 44. Bf4 Nxb2 45. Ra7 Bc4 46. Be3 Bb5 47. Bd4 Nd3+ 48. Ke3 c5 49. Bc3 Nc1 50. Rb7 Nb3 51. Rb6+ Kd5 52. Bxf6 a5 53. g5 Kc4 54. g6 a4 55. g7 a3 56. g8Q+ 1-0